| 000 | 00550nam a2200205 a 4500 | ||
|---|---|---|---|
| 005 | 20210219153529.0 | ||
| 008 | 991125n 000 0 u | ||
| 035 | _aUPN01000104979 | ||
| 100 | _aShort, Kanthy | ||
| 222 | _aREADING TEACHER | ||
| 245 | _aVisual literacy : Exploring art and ilustration in children's books | ||
| 300 | _a506-516 | ||
| 362 | _a46, No. 6, 1993 | ||
| 505 | _aJulio 1993 | ||
| 653 | 0 | _aILUSTRACIONES | |
| 653 | 0 | _aLIBROS DE PINTURAS | |
| 653 | 0 | _aLITERATURA INFANTIL | |
| 904 |
_aAC _b042790 |
||
| 905 | _aArticulo | ||
| 999 |
_c79183 _d79183 |
||